|
|
|
|
| LEADER |
00000cam a2200000 7i4500 |
| 001 |
0000004332 |
| 005 |
20220105104000.0 |
| 008 |
070725 |
| 020 |
|
|
|a 9679501728
|
| 090 |
0 |
0 |
|a JP
|b ENG (3891)
|
| 100 |
0 |
|
|a Shahaneem Hanoum
|
| 245 |
0 |
0 |
|a Kancil and Pak Belang
|c Shahaneem Hanoum
|
| 260 |
|
|
|a Selangor :
|b IBS Buku ,
|c 2003
|
| 440 |
|
|
|a Folktales retold
|
| 500 |
|
|
|a Children age 4-6 years old (yellow)
|
| 650 |
|
0 |
|a Children's stories, English
|
| 710 |
0 |
|
|a Title
|
| 999 |
|
|
|a 0000880089
|b Book
|c Children Collection
|e Cawangan Mersing
|
| 999 |
|
|
|a 0000880091
|b Book
|c Children Collection
|e Cawangan Segamat
|
| 999 |
|
|
|a 0000880094
|b Book
|c Children Collection
|e Cawangan Pontian
|
| 999 |
|
|
|a 0000974266
|b Book
|c Children Collection
|e Cawangan Taman Universiti
|
| 999 |
|
|
|a 0000974267
|b Book
|c Children Collection
|e Perbadanan Perpustakaan Awam Johor
|
| 999 |
|
|
|a 0000974268
|b Book
|c Children Collection
|e Cawangan Bandar Tenggara
|
| 999 |
|
|
|a 0000974269
|b Book
|c Children Collection
|e Cawangan Mersing
|
| 999 |
|
|
|a 0000974270
|b Book
|c Children Collection
|e Perbadanan Perpustakaan Awam Johor
|